[Event "9th Corsica Masters"]
[Site "Théâtre municipal de Bastia"]
[Date "2005.10.31"]
[Round "3.15"]
[White "Mullon, Jean-Baptiste"]
[Black "Iordachescu, Viorel"]
[Result "1/2-1/2"]
[WhiteElo "2357"]
[BlackElo "2583"]
[PlyCount "84"]

1. e4 e5 2. Nf3 Nf6 3. d4 Nxe4 4. Bd3 Nc6 5. dxe5 d5 6. exd6 Nxd6 7. O-O Be7 8.
Nc3 Be6 9. Bf4 O-O 10. Nb5 Nxb5 11. Bxb5 Nb4 12. Nd4 Bd7 13. Bc4 Bf6 14. c3
Bxd4 15. cxd4 Bc6 16. Rc1 Nd5 17. Qd2 Qd7 18. Be5 Rad8 19. Bb3 Kh8 20. Rc5 Ne7
21. Rfc1 f6 22. Bg3 Qxd4 23. Qxd4 Rxd4 24. Bxc7 g6 25. Re1 Nf5 26. f3 Rd7 27.
Ba5 Nd4 28. Bc3 Nxb3 29. axb3 Kg7 30. Kf2 Kf7 31. Ra5 a6 32. Raa1 g5 33. Re3
Rc8 34. Rae1 Bd5 35. b4 h5 36. Rd3 Be6 37. Rxd7+ Bxd7 38. Rd1 Be6 39. Rd4 Rc4
40. Rd8 Rc8 41. Rd4 Rc4 42. Rd8 Rc8 1/2-1/2

[Event "9th Corsica Masters"]
[Site "Théâtre municipal de Bastia"]
[Date "2005.10.31"]
[Round "3.30"]
[White "Buchy, Daniel"]
[Black "Luciani, Thibault"]
[Result "1-0"]
[WhiteElo "2149"]
[BlackElo "1760"]
[PlyCount "93"]

1. f4 e5 2. fxe5 d6 3. exd6 Bxd6 4. Nf3 Nf6 5. d3 Nc6 6. e4 Bg4 7. Be2 Bxf3 8.
Bxf3 h6 9. Be3 Ne5 10. Nd2 Bb4 11. a3 Bxd2+ 12. Qxd2 Nxf3+ 13. gxf3 Qe7 14. Rg1
g5 15. O-O-O O-O-O 16. Qa5 a6 17. Qf5+ Kb8 18. Bc5 Qe6 19. Qxe6 fxe6 20. Be7
Rdf8 21. Bxf8 Rxf8 22. Rdf1 Kc8 23. h4 Rg8 24. hxg5 hxg5 25. Rg2 e5 26. Rfg1
Nh7 27. Rh1 Rg7 28. Rxh7 Rxh7 29. Rxg5 Rf7 30. Rxe5 Rxf3 31. Re7 b6 32. d4 Kd8
33. Re5 Rf7 34. c3 Kd7 35. Rh5 Re7 36. e5 Ke6 37. c4 Kd7 38. d5 c6 39. Kc2 b5
40. Kc3 bxc4 41. Kxc4 cxd5+ 42. Kxd5 Rg7 43. Rh6 Rg2 44. b4 a5 45. Rh7+ Ke8 46.
bxa5 Rg3 47. a6 1-0

[Event "9th Corsica Masters"]
[Site "Théâtre municipal de Bastia"]
[Date "2005.10.31"]
[Round "3.33"]
[White "Leveque, Christophe"]
[Black "Cristofari, Antoine"]
[Result "0-1"]
[WhiteElo "1730"]
[BlackElo "2130"]
[PlyCount "64"]

1. d4 Nf6 2. Nf3 g6 3. e3 Bg7 4. Bd3 d6 5. O-O O-O 6. Nbd2 Nc6 7. a3 Bg4 8. Be2
e5 9. dxe5 dxe5 10. Nc4 Qe7 11. Nfd2 Bxe2 12. Qxe2 b5 13. Nxe5 Qxe5 14. Nf3 Qc5
15. Bd2 Ne4 16. c3 Na5 17. Nd4 Qc4 18. Qxc4 Nxc4 19. Bc1 a6 20. f3 Nc5 21. Rd1
Rfe8 22. e4 Rad8 23. Rb1 Nb3 24. Bf4 Nxd4 25. cxd4 Bxd4+ 26. Kh1 Nxb2 27. Rd2
Nc4 28. Rd3 c5 29. g4 Rd7 30. h4 Red8 31. Kg2 Bb2 32. Rb3 Bxa3 0-1

[Event "9th Corsica Masters"]
[Site "Théâtre municipal de Bastia"]
[Date "2005.11.01"]
[Round "4.1"]
[White "Markowski, Tomasz"]
[Black "Bologan, Viktor"]
[Result "1-0"]
[WhiteElo "2582"]
[BlackElo "2682"]
[PlyCount "123"]

1. g3 e5 2. c4 Nf6 3. Bg2 c6 4. Nc3 d5 5. d4 exd4 6. Qxd4 dxc4 7. Qxc4 Be7 8.
Nf3 O-O 9. O-O Qa5 10. Qb3 Nbd7 11. h3 Nb6 12. e4 Be6 13. Qc2 Rad8 14. b3 h6
15. Be3 Bc5 16. Bxc5 Qxc5 17. Rac1 Nfd7 18. Ne2 Qxc2 19. Rxc2 f6 20. Nfd4 Bf7
21. Rd1 Rfe8 22. Rcd2 Nc5 23. Nc3 a5 24. f3 Rd7 25. Kf2 Red8 26. Bf1 Ne6 27.
Ke3 Nxd4 28. Rxd4 Kf8 29. h4 Ke7 30. Rxd7+ Rxd7 31. Rxd7+ Nxd7 32. Bd3 b5 33.
Ne2 Kd6 34. Nd4 g6 35. f4 b4 36. h5 c5 37. Nb5+ Ke7 38. hxg6 Bxg6 39. Na7 a4
40. Nc8+ Kd8 41. Nd6 Kc7 42. Nb5+ Kc6 43. bxa4 Bf7 44. a3 c4 45. axb4 cxd3 46.
Kxd3 h5 47. Nd4+ Kb6 48. a5+ Kc7 49. Nf5 Be6 50. Nd4 Bf7 51. Nb5+ Kc6 52. Nc3
Nf8 53. f5 Nd7 54. Kd4 Ne5 55. b5+ Kd6 56. a6 Kc7 57. Nd5+ Bxd5 58. Kxd5 Nd7
59. Ke6 Nc5+ 60. Kxf6 Nxe4+ 61. Kg6 Nxg3 62. f6 1-0

[Event "9th Corsica Masters"]
[Site "Théâtre municipal de Bastia"]
[Date "2005.11.01"]
[Round "4.4"]
[White "Socko, Bartosz"]
[Black "Balogh, Csaba"]
[Result "1-0"]
[WhiteElo "2610"]
[BlackElo "2567"]
[PlyCount "103"]

1. e4 c5 2. Nf3 d6 3. d4 cxd4 4. Nxd4 Nf6 5. Nc3 Nc6 6. Bg5 e6 7. Qd2 Be7 8.
O-O-O Qb6 9. Nb3 O-O 10. f3 a6 11. g4 Qc7 12. Be3 b5 13. g5 Nd7 14. Kb1 Nb6 15.
Qf2 Rb8 16. f4 b4 17. Ne2 a5 18. Nbd4 Nxd4 19. Nxd4 Nc4 20. Bc1 Re8 21. Bd3 Qc5
22. Rhf1 Bd8 23. Nb3 Qc7 24. e5 a4 25. exd6 Nxd6 26. Nd4 g6 27. h4 Be7 28. h5
Bf8 29. Nf3 b3 30. cxb3 axb3 31. a3 Bb7 32. hxg6 fxg6 33. Rfe1 Nc4 34. Ne5 Nxe5
35. Rxe5 Bg7 36. Rb5 Rbc8 37. Rxb3 Red8 38. Be3 Be4 39. Qe2 Qc4 40. Ka2 Qd5 41.
Rd2 Bf3 42. Qf1 Qa8 43. Bc4 Qc6 44. Rxd8+ Rxd8 45. Rb6 Qa8 46. Bxe6+ Kh8 47.
Bb3 Qe4 48. Re6 Qb7 49. Qd3 Bd5 50. Rb6 Qf7 51. Bxd5 Rxd5 52. Qb3 1-0

[Event "9th Corsica Masters"]
[Site "Théâtre municipal de Bastia"]
[Date "2005.11.01"]
[Round "4.5"]
[White "Korneev, Oleg"]
[Black "Glek, Igor V"]
[Result "1/2-1/2"]
[WhiteElo "2599"]
[BlackElo "2566"]
[PlyCount "60"]

1. e4 e6 2. d4 d5 3. Nc3 Nf6 4. Bg5 dxe4 5. Nxe4 Nbd7 6. Nf3 h6 7. Nxf6+ Nxf6
8. Be3 Nd5 9. Qd2 Bd6 10. O-O-O Qe7 11. Kb1 Bd7 12. Bd3 O-O-O 13. Rhe1 Kb8 14.
Ne5 Bxe5 15. dxe5 Nb4 16. Be4 Bc6 17. Bc5 Rxd2 18. Bxe7 Rxd1+ 19. Rxd1 Bxe4 20.
Bxb4 Kc8 21. f3 Bc6 22. c4 b6 23. Rd4 a5 24. Ba3 b5 25. cxb5 Bxb5 26. Bc5 a4
27. Rf4 Be8 28. Rd4 Bb5 29. Rf4 Be8 30. Rd4 Bb5 1/2-1/2

[Event "9th Corsica Masters"]
[Site "Théâtre municipal de Bastia"]
[Date "2005.11.01"]
[Round "4.7"]
[White "David, Alberto"]
[Black "Rustemov, Alexander"]
[Result "0-1"]
[WhiteElo "2595"]
[BlackElo "2564"]
[PlyCount "64"]

1. c4 e6 2. d4 d5 3. Nf3 Nf6 4. g3 dxc4 5. Bg2 Nc6 6. O-O Rb8 7. Nc3 a6 8. e3
Bd7 9. Qe2 Bd6 10. Rd1 O-O 11. Qxc4 e5 12. d5 Ne7 13. Qd3 h6 14. b3 b5 15. Bb2
Bf5 16. e4 Bd7 17. Rac1 Ng6 18. Qe2 Qe7 19. h3 Rfe8 20. Kh2 Rbc8 21. a4 Rb8 22.
axb5 axb5 23. Rc2 Rb7 24. Na2 Rc8 25. Qd3 Rb6 26. Kg1 Ra8 27. Nc1 Ne8 28. Qe3
Rba6 29. Nd3 Nf6 30. Nc5 Ra2 31. b4 Be8 32. Nd2 Nd7 {suite illisible...} 0-1

[Event "9th Corsica Masters"]
[Site "Théâtre municipal de Bastia"]
[Date "2005.11.01"]
[Round "4.10"]
[White "Sasikiran, Krishnan"]
[Black "Sanchez, Joseph"]
[Result "1-0"]
[WhiteElo "2663"]
[BlackElo "2435"]
[PlyCount "89"]

1. d4 Nf6 2. c4 c6 3. Nf3 d5 4. e3 Bf5 5. Nc3 e6 6. Nh4 Bg4 7. Qb3 Qb6 8. h3
Bh5 9. g4 Bg6 10. Nxg6 hxg6 11. Bg2 Nbd7 12. Bd2 O-O-O 13. O-O-O Qxb3 14. axb3
Bb4 15. Kc2 g5 16. f3 dxc4 17. bxc4 Nb6 18. b3 c5 19. Bc1 cxd4 20. exd4 Nh7 21.
f4 Be7 22. Rhf1 Rd7 23. f5 Bf6 24. fxe6 fxe6 25. Ne4 Rhd8 26. Nxf6 gxf6 27. Be4
Rf7 28. Bxh7 Rxh7 29. Rxf6 Rxh3 30. Rxe6 Rh2+ 31. Kc3 Rg2 32. Bxg5 Rg8 33. Be3
R2xg4 34. d5 Kc7 35. d6+ Kb8 36. Bxb6 axb6 37. Kb4 Rg3 38. Re7 Kc8 39. d7+ Kd8
40. Rf7 R3g7 41. Rxg7 Rxg7 42. Rd6 Rxd7 43. Rxd7+ Kxd7 44. Kb5 Kc7 45. b4 1-0

[Event "9th Corsica Masters"]
[Site "Théâtre municipal de Bastia"]
[Date "2005.11.01"]
[Round "4.11"]
[White "Dunis, Aurelien"]
[Black "Izoria, Zviad"]
[Result "0-1"]
[WhiteElo "2531"]
[BlackElo "2646"]
[PlyCount "48"]

1. d4 Nf6 2. c4 e6 3. Nf3 d5 4. g3 Bb4+ 5. Bd2 Be7 6. Bg2 O-O 7. O-O c6 8. Qc2
b6 9. Bf4 Ba6 10. b3 Nbd7 11. Rd1 Rc8 12. Nc3 Qe8 13. a4 dxc4 14. bxc4 Bxc4 15.
Ne4 Nxe4 16. Qxc4 c5 17. Ne5 cxd4 18. Qxd4 Nxe5 19. Bxe4 Ng6 20. Qd7 Bf6 21.
Rab1 Qxd7 22. Rxd7 Nxf4 23. gxf4 Rc4 24. Bd3 Rxa4 0-1

[Event "9th Corsica Masters"]
[Site "Théâtre municipal de Bastia"]
[Date "2005.11.01"]
[Round "4.13"]
[White "Fressinet, Laurent"]
[Black "Krivoshey, Sergei"]
[Result "1-0"]
[WhiteElo "2623"]
[BlackElo "2533"]
[PlyCount "99"]

1. d4 d5 2. c4 c6 3. Nf3 Nf6 4. Nc3 dxc4 5. a4 Bf5 6. Ne5 Nbd7 7. Nxc4 Qc7 8.
g3 e5 9. dxe5 Nxe5 10. Bf4 Nfd7 11. Bg2 f6 12. O-O Rd8 13. Qc1 Be6 14. Nxe5
Nxe5 15. a5 a6 16. Ne4 Bb4 17. Nc5 Bd5 18. e4 Bf7 19. Ra4 Bxc5 20. Qxc5 Qe7 21.
Be3 Qxc5 22. Bxc5 Bc4 23. Rfa1 Bb5 24. Rd4 Kf7 25. Rad1 Nd3 26. f4 Rxd4 27.
Bxd4 Rd8 28. Bb6 Rd7 29. b3 Nc5 30. Rxd7+ Nxd7 31. Be3 c5 32. Kf2 Bd3 33. Ke1
Bc2 34. e5 Bxb3 35. Bxb7 Bc4 36. Bc6 Nb8 37. Ba4 fxe5 38. Bxc5 Ke6 39. f5+ Kd5
40. Bf8 Nc6 41. Bxg7 Nd4 42. f6 Ke4 43. Be8 Nf3+ 44. Kf2 Ng5 45. Bc6+ Bd5 46.
Bd7 Kd3 47. h4 Ne4+ 48. Ke1 Nxg3 49. Bc8 Kc3 50. Bxa6 1-0

[Event "9th Corsica Masters"]
[Site "Théâtre municipal de Bastia"]
[Date "2005.11.01"]
[Round "4.15"]
[White "Iordachescu, Viorel"]
[Black "Midoux, Sebastien"]
[Result "1-0"]
[WhiteElo "2583"]
[BlackElo "2298"]
[PlyCount "99"]

1. e4 e5 2. Nf3 Nc6 3. Bb5 a6 4. Ba4 Nf6 5. d3 d6 6. c3 g6 7. O-O Bg7 8. Re1
O-O 9. Bg5 b5 10. Bc2 Bb7 11. Nbd2 Nb8 12. b4 Nbd7 13. Nb3 Rb8 14. a4 h6 15.
Bh4 Re8 16. Qb1 c5 17. axb5 axb5 18. Qa2 Qc7 19. Na5 Bc8 20. d4 c4 21. d5 Nb6
22. Nd2 Nh7 23. Qb1 Bd7 24. Nf1 Bf6 25. Bxf6 Nxf6 26. Qc1 Kg7 27. Qd2 Nc8 28.
Ne3 Ne7 29. g3 Neg8 30. Ng2 Qb6 31. Re2 Nh7 32. Kh1 f6 33. f4 h5 34. Nh4 Nh6
35. Kg2 Re7 36. Rf1 Rbe8 37. f5 g5 38. Ng6 Rf7 39. Bd1 g4 40. h3 Ng5 41. hxg4
hxg4 42. Rh1 Nxf5 43. exf5 Bxf5 44. Nh4 Bd3 45. Re3 Ne4 46. Nf5+ Kg6 47. Rxe4
Bxe4+ 48. Kf1 Bxh1 49. Qh6+ Kxf5 50. Bc2+ 1-0

[Event "9th Corsica Masters"]
[Site "Théâtre municipal de Bastia"]
[Date "2005.11.01"]
[Round "4.17"]
[White "Kogan, Alexander"]
[Black "Templier, Nicolas"]
[Result "1-0"]
[WhiteElo "2574"]
[BlackElo "2275"]
[PlyCount "37"]

1. d4 Nf6 2. Nf3 e6 3. e3 c5 4. Bd3 Nc6 5. O-O Be7 6. b3 O-O 7. Bb2 b6 8. Nbd2
cxd4 9. exd4 Bb7 10. Re1 Rc8 11. c4 d5 12. Qe2 Qd6 13. Rac1 dxc4 14. bxc4 Rfd8
15. Bb1 Ba6 16. c5 bxc5 17. Qxa6 cxd4 18. Ne4 Qd7 19. Nxd4 1-0

[Event "9th Corsica Masters"]
[Site "Théâtre municipal de Bastia"]
[Date "2005.11.01"]
[Round "4.27"]
[White "Klinova, Masha"]
[Black "Massoni, Michael"]
[Result "0-1"]
[WhiteElo "2361"]
[BlackElo "2013"]
[PlyCount "54"]

1. e4 e5 2. Bc4 Nf6 3. d3 c6 4. Nf3 d5 5. Bb3 dxe4 6. Nxe5 Qa5+ 7. Nc3 Qxe5 8.
dxe4 Bb4 9. O-O O-O 10. f4 Qc5+ 11. Kh1 Bxc3 12. bxc3 Nxe4 13. Qf3 Nf6 14. f5
Nbd7 15. a4 Re8 16. Qg3 Ne4 17. Qf3 Ndf6 18. Be3 Ng3+ 19. Qxg3 Rxe3 20. Qc7 Qe7
21. Qf4 Bd7 22. Rad1 Qe4 23. Qxe4 Rxe4 24. h3 c5 25. Bd5 Nxd5 26. Rxd5 Bc6 27.
Rxc5 Re2 0-1

[Event "9th Corsica Masters"]
[Site "Théâtre municipal de Bastia"]
[Date "2005.11.01"]
[Round "4.40"]
[White "Cristofari, Antoine"]
[Black "Stubbe, Damien"]
[Result "1-0"]
[WhiteElo "2130"]
[BlackElo "1855"]
[PlyCount "63"]

1. e4 c5 2. Nf3 d6 3. d4 cxd4 4. Nxd4 Nf6 5. Nc3 e6 6. Bg5 a6 7. Qd2 Be7 8. a4
b6 9. Bd3 Bb7 10. O-O Nbd7 11. f4 Nc5 12. Rae1 h6 13. Bxf6 Bxf6 14. Nf3 Nxd3
15. cxd3 O-O 16. d4 b5 17. axb5 axb5 18. e5 dxe5 19. fxe5 Be7 20. Ne4 Bxe4 21.
Rxe4 Qd5 22. Rg4 Kh8 23. Qf4 f5 24. Rg6 Kh7 25. Qg3 Rf7 26. h4 Ra2 27. Rc1 f4
28. Qg4 Qe4 29. Qxe6 Rxb2 30. Rxh6+ Kg8 31. Rc8+ Bf8 32. Rxf8+ 1-0

[Event "9th Corsica Masters"]
[Site "Théâtre municipal de Bastia"]
[Date "2005.11.01"]
[Round "4.41"]
[White "Geronimi, Pierre-Francois"]
[Black "Bricard, Herve"]
[Result "1/2-1/2"]
[WhiteElo "1824"]
[BlackElo "2126"]
[PlyCount "105"]

1. e4 Nc6 2. Nf3 d6 3. d4 Bg4 4. Bb5 a6 5. Bxc6+ bxc6 6. O-O Nf6 7. Nc3 e6 8.
Bg5 h6 9. Bh4 Be7 10. Qd3 O-O 11. h3 Bh5 12. e5 Nd5 13. Nxd5 cxd5 14. Bg3 Bg6
15. Qd2 c5 16. c3 c4 17. Rfe1 Bh7 18. b3 cxb3 19. axb3 Qb6 20. exd6 Bxd6 21.
Bxd6 Qxd6 22. c4 dxc4 23. bxc4 Rfd8 24. Re5 f6 25. Rea5 Be4 26. d5 Bxf3 27.
gxf3 Rdc8 28. Qe2 Re8 29. Qe4 exd5 30. Qxd5+ Qxd5 31. cxd5 Re5 32. Kg2 Rg5+ 33.
Kh2 Rd8 34. Rd1 Rd6 35. f4 Rg6 36. Rg1 Rxg1 37. Kxg1 Kf7 38. Kg2 Ke7 39. Kf3
Kd7 40. Ke4 g6 41. h4 Ke7 42. Ra3 Rb6 43. Ra4 Kd6 44. Ra5 f5+ 45. Kd4 h5 46.
Kc4 Kd7 47. Kc5 Kc7 48. f3 Rd6 49. Ra3 Rb6 50. Ra5 Rd6 51. Ra3 Rb6 52. Ra5 Rd6
53. Ra3 1/2-1/2

[Event "9th Corsica Masters"]
[Site "Théâtre municipal de Bastia"]
[Date "2005.11.01"]
[Round "5.2"]
[White "Rustemov, Alexander"]
[Black "Socko, Bartosz"]
[Result "1/2-1/2"]
[WhiteElo "2564"]
[BlackElo "2610"]
[PlyCount "65"]

1. c4 Nf6 2. Nc3 g6 3. g3 Bg7 4. Bg2 O-O 5. d4 d6 6. Nf3 Nc6 7. O-O a6 8. d5
Na5 9. Nd2 c5 10. Qc2 Rb8 11. b3 b5 12. Rb1 Bd7 13. Bb2 Qc7 14. Ba1 bxc4 15.
bxc4 Rxb1 16. Rxb1 Rb8 17. Rxb8+ Qxb8 18. Nd1 Qb6 19. Bc3 Ng4 20. Bxg7 Kxg7 21.
Qc3+ Kg8 22. h3 Nf6 23. Nb2 Ne8 24. e4 e5 25. f4 f6 26. Nd3 Nb7 27. Kf2 Nd8 28.
h4 Ng7 29. Bf3 h5 30. Nb3 Nb7 31. Nd2 Nd8 32. Nb3 Nb7 33. Nd2 1/2-1/2

[Event "9th Corsica Masters"]
[Site "Théâtre municipal de Bastia"]
[Date "2005.11.01"]
[Round "5.3"]
[White "Sasikiran, Krishnan"]
[Black "Markowski, Tomasz"]
[Result "1-0"]
[WhiteElo "2663"]
[BlackElo "2582"]
[PlyCount "55"]
[EventDate "2005.??.??"]

1. d4 d6 2. Nf3 g6 3. c3 Bg7 4. Bg5 Nf6 5. Nbd2 O-O 6. e4 c5 7. dxc5 dxc5 8.
Bc4 Nc6 9. Qe2 Na5 10. e5 Nd5 11. Rd1 Be6 12. Bxd5 Bxd5 13. Ne4 h6 14. Bh4 b6
15. c4 Bxc4 16. Rxd8 Rfxd8 17. Qe3 Nc6 18. a3 Rac8 19. h3 Ba6 20. Qb3 Bd3 21.
Nd6 c4 22. Qb5 Rc7 23. Qd5 Nxe5 24. Nxe5 Rxd6 25. Qxf7+ Kh7 26. f4 Rd4 27. Kf2
g5 28. fxg5 1-0

[Event "9th Corsica Masters"]
[Site "Théâtre municipal de Bastia"]
[Date "2005.11.01"]
[Round "5.5"]
[White "Izoria, Zviad"]
[Black "Kogan, Artur"]
[Result "1/2-1/2"]
[WhiteElo "2646"]
[BlackElo "2573"]
[PlyCount "46"]
[EventDate "2005.??.??"]

1. c4 e5 2. g3 Nf6 3. Bg2 Nc6 4. Nc3 Bc5 5. e3 d5 6. Nxd5 Nxd5 7. cxd5 Nb4 8.
d3 c6 9. a3 Nxd5 10. Nf3 Qe7 11. O-O Bb6 12. b4 O-O 13. Bb2 f6 14. Nd2 Qd8 15.
Qc2 Nc7 16. Ne4 Bf5 17. Rfd1 Ne6 18. a4 Bg4 19. Rf1 Bf5 20. Rad1 Bg4 21. Ra1
Bf5 22. Rad1 Bg4 23. Ra1 Bf5 1/2-1/2

[Event "9th Corsica Masters"]
[Site "Théâtre municipal de Bastia"]
[Date "2005.11.01"]
[Round "5.8"]
[White "Huzman, Alexander"]
[Black "Korneev, Oleg"]
[Result "1/2-1/2"]
[WhiteElo "2565"]
[BlackElo "2599"]
[PlyCount "52"]

1. d4 d5 2. c4 e6 3. Nf3 Nf6 4. g3 dxc4 5. Bg2 Bb4+ 6. Bd2 a5 7. O-O O-O 8. Bg5
Nc6 9. Nc3 Rb8 10. e3 e5 11. Nxe5 Nxe5 12. dxe5 Qxd1 13. Rfxd1 Nd7 14. Nd5 Nxe5
15. Nxb4 axb4 16. Be7 Re8 17. Bxb4 Bg4 18. Rd4 c6 19. Rd6 Rbd8 20. Rxd8 Rxd8
21. Bc3 f6 22. b3 cxb3 23. Bxe5 fxe5 24. axb3 Rd1+ 25. Rxd1 Bxd1 26. b4 Kf7
1/2-1/2

[Event "9th Corsica Masters"]
[Site "Théâtre municipal de Bastia"]
[Date "2005.11.01"]
[Round "5.11"]
[White "Almasi, Zoltan"]
[Black "Plachkinova, Tatjana G"]
[Result "1-0"]
[WhiteElo "2640"]
[BlackElo "2206"]
[PlyCount "41"]
[EventDate "2005.??.??"]

1. e4 c5 2. Nf3 Nc6 3. d4 cxd4 4. Nxd4 Nf6 5. Nc3 d6 6. Bg5 Qb6 7. Nb3 e6 8.
Qd2 a6 9. Bxf6 gxf6 10. O-O-O Bd7 11. f4 O-O-O 12. Be2 h5 13. Rhf1 Be7 14. Kb1
Kb8 15. Rf3 Na5 16. Nd5 exd5 17. Nxa5 dxe4 18. Rb3 Bb5 19. a4 e3 20. Qe1 d5 21.
axb5 1-0

[Event "9th Corsica Masters"]
[Site "Théâtre municipal de Bastia"]
[Date "2005.11.01"]
[Round "5.14"]
[White "Buchy, Daniel"]
[Black "David, Alberto"]
[Result "0-1"]
[WhiteElo "2149"]
[BlackElo "2595"]
[PlyCount "34"]

1. d4 Nf6 2. c4 e6 3. Nc3 Bb4 4. Bg5 h6 5. Bxf6 Qxf6 6. Nf3 O-O 7. g4 e5 8. g5
hxg5 9. dxe5 Qf5 10. e3 g4 11. Nd4 Qxe5 12. Qxg4 Bxc3+ 13. bxc3 c5 14. Nf5
Qxc3+ 15. Ke2 Nc6 16. Rd1 d6 17. Bg2 Qc2+ 0-1

[Event "9th Corsica Masters"]
[Site "Théâtre municipal de Bastia"]
[Date "2005.11.01"]
[Round "5.17"]
[White "Gouliev, Namig"]
[Black "Cristofari, Antoine"]
[Result "1-0"]
[WhiteElo "2572"]
[BlackElo "2130"]
[PlyCount "69"]

1. e4 e5 2. Nf3 Nc6 3. Bb5 a6 4. Ba4 Nf6 5. O-O b5 6. Bb3 Be7 7. Re1 O-O 8. h3
d6 9. c3 Na5 10. Bc2 c5 11. d4 cxd4 12. cxd4 Nc6 13. a3 Re8 14. Nc3 Bb7 15. Bb3
Bf8 16. Bg5 Na5 17. Nd5 Bxd5 18. Bxd5 Rc8 19. a4 Be7 20. dxe5 dxe5 21. Bxf6
Bxf6 22. Qd3 Qb6 23. b4 Nc4 24. Rec1 Red8 25. Rc2 Kf8 26. axb5 axb5 27. Rca2
Qd6 28. Ra7 Rc7 29. Ra8 Rxa8 30. Rxa8+ Ke7 31. Qb3 g6 32. g4 Qd7 33. Ra6 h6 34.
Kg2 Kf8 35. Rxf6 1-0

[Event "9th Corsica Masters"]
[Site "Théâtre municipal de Bastia"]
[Date "2005.11.01"]
[Round "5.18"]
[White "Balogh, Csaba"]
[Black "Brethes, Francois"]
[Result "1-0"]
[WhiteElo "2567"]
[BlackElo "2119"]
[PlyCount "71"]
[EventDate "2005.??.??"]

1. e4 b6 2. d4 Bb7 3. Bd3 e6 4. Nf3 Nf6 5. e5 Nd5 6. O-O c5 7. c4 Nb4 8. Be2 d6
9. d5 dxe5 10. a3 N4a6 11. dxe6 f6 12. Qa4+ Bc6 13. Qc2 Bd6 14. Nh4 Nc7 15. Ng6
Rg8 16. Bh5 Nxe6 17. Nxe5+ g6 18. Nxc6 Nxc6 19. Bf3 Ncd4 20. Qa4+ b5 21. cxb5
Nxf3+ 22. gxf3 Kf7 23. Qc4 Re8 24. Re1 Qc7 25. Nc3 Bxh2+ 26. Kg2 Be5 27. Nd5
Qd6 28. Be3 Rad8 29. Rad1 Bd4 30. Nf4 g5 31. Nxe6 Qxe6 32. Qc2 Kg7 33. Bxd4
Qxe1 34. Rxe1 Rxe1 35. Qxc5 Rd7 36. Qxg5+ 1-0

[Event "9th Corsica Masters"]
[Site "Théâtre municipal de Bastia"]
[Date "2005.11.01"]
[Round "5.19"]
[White "Lazar, Andras"]
[Black "Shchekachev, Andrei"]
[Result "0-1"]
[WhiteElo "2114"]
[BlackElo "2562"]
[PlyCount "86"]

1. e4 c5 2. Nf3 e6 3. d4 cxd4 4. Nxd4 a6 5. Be2 Nf6 6. Bf3 Qc7 7. O-O Bc5 8.
Nc3 d6 9. Bg5 Nbd7 10. g3 h6 11. Be3 Ne5 12. Be2 O-O 13. f4 Nc6 14. Qd2 b5 15.
Nxc6 Qxc6 16. Bf3 Bb7 17. e5 Qb6 18. Rae1 Bxf3 19. exf6 Bb7 20. Bxc5 Qxc5+ 21.
Qe3 Qxe3+ 22. Rxe3 gxf6 23. f5 d5 24. Rd1 b4 25. Na4 Bc6 26. Nc5 e5 27. g4 Rfc8
28. Rd2 a5 29. h4 Bb5 30. Nd3 Rc4 31. Rg3 Kg7 32. Ne1 Bc6 33. Rh2 Rh8 34. Rf2
Kf8 35. b3 Re4 36. Nd3 Rg8 37. Rfg2 Ke7 38. Kh2 Rc8 39. Kh3 Bd7 40. Rf2 Rc3 41.
Kg2 Rd4 42. Ne1 Rd1 43. Rxc3 bxc3 0-1

[Event "9th Corsica Masters"]
[Site "Théâtre municipal de Bastia"]
[Date "2005.11.01"]
[Round "5.20"]
[White "Bagheri, Amir"]
[Black "Humeau, Cyril"]
[Result "1-0"]
[WhiteElo "2519"]
[BlackElo "2100"]
[PlyCount "51"]
[EventDate "2005.??.??"]

1. d4 Nf6 2. Bf4 d5 3. Nf3 c6 4. e3 Qb6 5. Qc1 Bf5 6. c4 Na6 7. a3 Nh5 8. c5
Qd8 9. Nc3 f6 10. b4 g5 11. Bg3 Nxg3 12. hxg3 Nc7 13. Qd2 Kf7 14. Bd3 Qd7 15.
O-O Bg7 16. Rfe1 Bxd3 17. Qxd3 g4 18. Nh4 e5 19. dxe5 fxe5 20. e4 d4 21. Nf5 b5
22. f3 Qe6 23. Nd1 a5 24. Nf2 gxf3 25. Qxf3 Rhf8 26. Nxd4+ 1-0

[Event "9th Corsica Masters"]
[Site "Théâtre municipal de Bastia"]
[Date "2005.11.01"]
[Round "5.21"]
[White "Scala, Lijubomir"]
[Black "Barsov, Alexei"]
[Result "0-1"]
[WhiteElo "2076"]
[BlackElo "2517"]
[PlyCount "44"]
[EventDate "2005.??.??"]

1. d4 e6 2. Nf3 d5 3. g3 c5 4. c3 Nc6 5. Bg2 Nf6 6. O-O Bd7 7. Re1 h6 8. Nbd2
cxd4 9. cxd4 Qb6 10. Qb3 Bd6 11. e4 Qxb3 12. axb3 Bb4 13. exd5 Nxd5 14. Re2 Na5
15. Ne5 Bb5 16. Nec4 Nxb3 17. Bxd5 Nxa1 18. b3 O-O 19. Rxe6 fxe6 20. Bxe6+ Kh7
21. Bb2 Rae8 22. d5 Bxd2 0-1

[Event "9th Corsica Masters"]
[Site "Théâtre municipal de Bastia"]
[Date "2005.11.01"]
[Round "5.76"]
[White "Pobedonostzeff, Franck"]
[Black "Mencacci, Floriane"]
[Result "1/2-1/2"]
[WhiteElo "1907"]
[BlackElo "1560"]
[PlyCount "120"]
[EventDate "2005.??.??"]

1. e4 e5 2. Nc3 Nf6 3. f4 exf4 4. e5 Ng8 5. Nf3 d6 6. Bc4 dxe5 7. Nxe5 Qe7 8.
Qe2 Nc6 9. Nxf7 Nd4 10. Qxe7+ Bxe7 11. Kd1 Bf5 12. d3 Bg4+ 13. Kd2 a6 14. Re1
f3 15. Nd5 f2 16. Rf1 Kxf7 17. Nxc7+ Kg6 18. Rxf2 Rf8 19. Rxf8 Bxf8 20. c3 Nc6
21. d4 Nf6 22. h3 Bf5 23. g4 Bd7 24. Bd3+ Kf7 25. Bc4+ Kg6 26. Bd3+ Kf7 27.
Bc4+ Kg6 28. Ne6 Bxe6 29. Bxe6 Ne4+ 30. Kc2 Ng3 31. Bf4 Ne2 32. Bh2 Be7 33.
Bf5+ Kg5 34. Kd3 Nf4+ 35. Bxf4+ Kxf4 36. Re1 g6 37. Bd7 Bh4 38. Re4+ Kg5 39. d5
Nd8 40. Kc4 Rf8 41. Re8 Rf4+ 42. Kc5 Bf2+ 43. Kd6 Nf7+ 44. Kc7 Rc4+ 45. Kb8
Bg3+ 46. Ka7 Nd6 47. Re7 Nb5+ 48. Bxb5 axb5 49. Rxh7 Ra4+ 50. Kxb7 Rxa2 51. b3
Ra3 52. c4 bxc4 53. bxc4 Rc3 54. Kc6 Rxc4+ 55. Kd7 Rd4 56. Ke6 Re4+ 57. Kf7 Rd4
58. Ke6 Re4+ 59. Kf7 Rd4 60. Ke6 Re4+ 1/2-1/2

[Event "9th Corsica Masters"]
[Site "Théâtre municipal de Bastia"]
[Date "2005.11.02"]
[Round "6.5"]
[White "Agrest, Evgenij"]
[Black "Izoria, Zviad"]
[Result "1/2-1/2"]
[WhiteElo "2570"]
[BlackElo "2646"]
[PlyCount "55"]

1. d4 Nf6 2. c4 e6 3. Nf3 d5 4. Nc3 Bb4 5. Qa4+ Nc6 6. e3 O-O 7. Bd2 a6 8. a3
Bxc3 9. Bxc3 Ne4 10. Qc2 Nxc3 11. Qxc3 Ne7 12. Bd3 Bd7 13. O-O dxc4 14. Bxc4
Nf5 15. Rfc1 Nd6 16. Qd3 Nxc4 17. Qxc4 c6 18. Qb3 Rb8 19. Rc5 b6 20. Rc2 Qe7
21. Ne5 Rfc8 22. Nxd7 Qxd7 23. Rac1 Rc7 24. Rc3 a5 25. Qc2 Rbc8 26. Qb3 Rb8 27.
Qc2 Rbc8 28. Qb3 1/2-1/2

[Event "9th Corsica Masters"]
[Site "Théâtre municipal de Bastia"]
[Date "2005.??.??"]
[Round "6.6"]
[White "Naiditsch, Arkadij"]
[Black "Huzman, Alexander"]
[Result "1/2-1/2"]
[WhiteElo "2641"]
[BlackElo "2565"]
[PlyCount "91"]

1. e4 e6 2. d4 d5 3. Nd2 c5 4. exd5 Qxd5 5. Ngf3 cxd4 6. Bc4 Qd6 7. O-O Nf6 8.
Nb3 Nc6 9. Nbxd4 Nxd4 10. Nxd4 a6 11. Bb3 Qc7 12. Qf3 Bd6 13. h3 O-O 14. Bg5
Nd7 15. c3 Ne5 16. Qe4 h6 17. Bd2 Nc4 18. Bc1 Bd7 19. Rd1 b5 20. a4 bxa4 21.
Bxa4 Bxa4 22. Rxa4 Nb6 23. Ra1 Rfc8 24. Qe2 Qc4 25. Qxc4 Nxc4 26. b3 Nb6 27. c4
Bc5 28. Ba3 a5 29. Nb5 Bxa3 30. Rxa3 a4 31. Nd6 axb3 32. Rxb3 Rc6 33. c5 Nd7
34. Ne4 Nf6 35. Nxf6+ gxf6 36. Rc1 Ra5 37. Rbc3 Ra4 38. Rc4 Ra2 39. R1c2 Ra1+
40. Kh2 Rd1 41. g4 Rd5 42. Kg3 f5 43. f3 fxg4 44. hxg4 h5 45. gxh5 Rxh5 46. Rc1
1/2-1/2

[Event "9th Corsica Masters"]
[Site "Théâtre municipal de Bastia"]
[Date "2005.11.02"]
[Round "6.8"]
[White "Fressinet, Laurent"]
[Black "Glek, Igor V"]
[Result "1-0"]
[WhiteElo "2623"]
[BlackElo "2566"]
[PlyCount "85"]

1. e4 e6 2. d4 d5 3. e5 c5 4. c3 Nc6 5. Nf3 Nge7 6. Na3 Nf5 7. Nc2 cxd4 8. cxd4
Nb4 9. Be2 Nxc2+ 10. Qxc2 Qa5+ 11. Bd2 Bb4 12. a3 Bxd2+ 13. Qxd2 Qxd2+ 14. Kxd2
Bd7 15. b4 Rc8 16. Rac1 O-O 17. b5 h6 18. a4 b6 19. g4 Ne7 20. h4 Rxc1 21. Rxc1
Rc8 22. Ra1 Rc7 23. Bd3 Be8 24. Re1 Bd7 25. h5 f6 26. Nh4 Kf7 27. exf6 gxf6 28.
f4 Nc8 29. g5 fxg5 30. fxg5 Kg7 31. Nf3 Ne7 32. Rg1 Be8 33. gxh6+ Kxh6 34. Ng5
Ng8 35. Nxe6 Re7 36. Rxg8 Rxe6 37. Rh8+ Kg7 38. Rh7+ Kg8 39. Rxa7 Bxh5 40. a5
bxa5 41. Rxa5 Kf7 42. Ra6 Re8 43. Rh6 1-0